000 00683nam a2200193 i 4500
001 82786
003 ES-MaACL
005 20230906174730.0
007 t|
008 041111s1967 sp ||||1| spa d
245 0 3 _aLa Iglesia en el diálogo con nuestro mundo
_b: texto y comentario a la Constitución Pastoral Gaudium et Spes.
260 _aBilbao :
_bMensajero,
_c1967.
300 _a349 p. ;
_c22 cm.
500 _aPrecede al tít.: Universidad de Deusto. Instituto de Ciencias Sociales.
650 1 4 _aIglesia y mundo.
_9136257
710 2 _aUniversidad de Deusto.
_97172
710 2 _aInstituto de Ciencias Sociales (Barcelona)
_94842
852 _aES-MaACL
_jC-32582
_bR.62967
999 _c82786
_d82786